Counties of Utah - Sudden Death - Statistics

General Stats
  • This quiz has been taken 35 times
  • The average score is 14 of 29
Answers on the Grid
Answers color-coded by a green-red scale on the quiz's grid according to % correct below.
Antelope
Beaver
Bicknell
Box Elder
Cache
Canyon
Carbon
Colorado
Daggett
Davis
Deschutes
Deseret
Duchesne
Emery
Ephraim
Fillmore
Fruita
Garfield
Garrison
Grand
Heber
Iron
Juab
Kane
Lehi
Millard
Morgan
Manneseh
Panguitch
Phosphorus
Piute
Rich
Salt Lake
San Juan
Sanctuary
Sanpete
Sard
Sevier
Summit
Ticaboo
Tooele
Tornado
Uintah
Utah
Wasatch
Washington
Clear Waters
Wayne
Weber
West Valley
 
Answer Stats
Answer % Correct
Cache
62%
Davis
62%
Salt Lake
62%
Uintah
62%
Utah
62%
Weber
62%
Beaver
57%
Tooele
57%
Box Elder
52%
Garfield
52%
Grand
52%
Iron
52%
Kane
52%
Morgan
52%
Sanpete
52%
Carbon
48%
Juab
48%
San Juan
48%
Wasatch
48%
Washington
48%
Duchesne
43%
Millard
43%
Piute
43%
Rich
43%
Sevier
43%
Summit
43%
Emery
33%
Wayne
33%
Daggett
29%
No matching quizzes found
Score Distribution
Percent of People with Each Score
Percentile by Number Answered
Your Score History
You have not taken this quiz